Spolupráca priemyselných podnikov s miestnymi samosprávami
Faktory vplývajúce na tvorbu portfólia priemyselného podniku v rámci vzťahov so samosprávou - potenciál kvalifikovanej pracovnej sily, dostupnosť surovinovej základne, lokálna infraštruktúra, dopravná obslužnosť, legislatívne faktory, stupeň ochrany životného prostredia. Zosúladenie záujmov podnikov...
Gespeichert in:
| 1. Verfasser: | |
|---|---|
| Format: | Buchkapitel |
| Sprache: | Slowakisch |
| Schlagworte: | |
| Tags: |
Keine Tags, Fügen Sie das erste Tag hinzu!
|
MARC
| LEADER | 00000naa$a2200000$$$4500 | ||
|---|---|---|---|
| 001 | 0084621 | ||
| 005 | 20240502071945.7 | ||
| 041 | 0 | |a slo | |
| 044 | |a SK | ||
| 245 | 1 | 0 | |a Spolupráca priemyselných podnikov s miestnymi samosprávami |c Peter Drábik |
| 520 | |a Faktory vplývajúce na tvorbu portfólia priemyselného podniku v rámci vzťahov so samosprávou - potenciál kvalifikovanej pracovnej sily, dostupnosť surovinovej základne, lokálna infraštruktúra, dopravná obslužnosť, legislatívne faktory, stupeň ochrany životného prostredia. Zosúladenie záujmov podnikov a miestnej samosprávy vyžaduje neustálu komunikáciu a vzájomné konfrontovanie názorov týchto dvoch partnerov. | ||
| 610 | 2 | 0 | |a podnik priemyselný |
| 610 | 2 | 0 | |a samospráva miestna |
| 610 | 2 | 0 | |a investori |
| 610 | 2 | 0 | |a sily pracovné |
| 610 | 2 | 0 | |a kvalifikácia |
| 610 | 2 | 0 | |a zdroje surovinové |
| 610 | 2 | 0 | |a infraštruktúra výrobná |
| 610 | 2 | 0 | |a legislatíva |
| 610 | 2 | 0 | |a ochrana prostredia životného |
| 100 | 1 | |a Drábik, Peter, 1981- | |